000 00624nam a2200217Ia 4500
005 20260429111843.0
008 260429s9999||||xx |||||||||||||| ||und||
020 _a9789369677443
041 _aEnglish
082 _a551.490
_bJHA
100 _aJha, Saroja Nand
245 0 _aGroundwater modeling using geographical informations systems /
_cSaroja Nand Jha
250 _a1st ed.
260 _aNew Delhi :
_bScientific Books International,
_c2026.
300 _ax, 262 p.; hb
650 _a Geographical Information System
650 _a GIS
650 _a Groundwater modeling
650 _aGeology
942 _cTB
999 _c51150
_d51150